000 00682cab a2200241 4500
001 WB3245-11
008 090401t1996 xxu||||| |||| 00| 0 eng d
035 _a(Sirsi) u60270
041 _aeng
245 _aReducing light pollution
260 _c1996
350 _a0
490 _aDoE News Release
_v(506) 25 November 1996,
490 _aTimes
_v26 November 1996, 7(4)
520 _aThe SoS Environment is to investigate ways of reducing light pollution at night.
650 _aILLUMINATED SIGNS
650 _aLIGHT POLLUTION
650 _aNIGHT SKY
650 _aSTREET LIGHTING
690 _aENVIRONMENTAL AND LAND CONSULTANCY
942 _n0
948 _c04/03/1997
999 _c37137
_d37137